000 00829nam a2200205Ia 4500
003 GCL
005 20240530105233.0
008 140319s9999 xx 000 0 ara d
040 _aGCL /
_cGCL
082 0 4 _a621.38173/
_bت د
100 1 _aتولى، مايكل
245 1 0 _aدليل الدوائر الالكترونية :
_bتصميمها . اختبارها . تركيبها /
_cتاليف مايكل تولى ؛ ترجمة شركة سراب للمشاريع التقنية
260 _aبيروت :
_bالدار العربية للعلوم ،
_c.1990
300 _a335 ص. ؛
_c24 سم.
650 0 4 _aالهندسة الالكترونية
650 0 4 _aالدوائر
650 0 4 _aالدوائر الالكترونية
710 0 _aشركة سراب للمشاريع التقنية
_eمترجم
942 _2ddc
_cBK
999 _c54208
_d54208